La federalización de las juntas de conciliación y arbitraje
Tallennettuna:
| Päätekijä: | |
|---|---|
| Yhteisötekijä: | |
| Aineistotyyppi: | Kirja |
| Kieli: | Spanish |
| Julkaistu: |
Azcapotzalco, Distrito Federal, México
Universidad Autónoma Metropolitana
1982
|
| Aiheet: | |
| Tagit: |
Lisää tagi
Ei tageja, Lisää ensimmäinen tagi!
|
MARC
| LEADER | 00000nam a2200000 4500 | ||
|---|---|---|---|
| 003 | cru CIDCACS/IIS | ||
| 005 | 20220312062539.0 | ||
| 008 | 190117b1982 MX ||||| |||| 00| 0 spa d | ||
| 999 | |c 42068 |d 42068 | ||
| 040 | |c cru CIDCACS/IIS | ||
| 090 | |a REV0001 3(5) 1982 | ||
| 100 | |9 8226 |a Reyna Muñoz, Manuel | ||
| 110 | |9 8187 |a Universidad Autónoma Metropolitana, UAM | ||
| 245 | |a La federalización de las juntas de conciliación y arbitraje |c Manuel Reyna Muñoz | ||
| 260 | |a Azcapotzalco, Distrito Federal, México |b Universidad Autónoma Metropolitana |c 1982 | ||
| 300 | |a Páginas 137-152. | ||
| 650 | 0 | |a DERECHO DEL TRABAJO |9 1478 | |
| 650 | 0 | |9 3064 |a DERECHO PUBLICO | |
| 650 | 0 | |9 8198 |a SOCIOLOGIA DEL TRABAJO | |
| 650 | 0 | |9 3418 |a ARBITRAJE | |
| 650 | 0 | |9 4804 |a CONFLICTOS LABORALES | |
| 650 | 0 | |9 3409 |a FEDERALISMO | |
| 651 | 0 | |9 3410 |a MEXICO | |
| 653 | |a CONFEDERACION REGIONAL OBRERA MEXICANA (CROM) | ||
| 773 | 0 | |0 18805 |9 2591 |d Azcapotzalco UAM |o 02281 |t AZCAPOTZALCO | |
| 942 | |2 ddc |c PP | ||
